000 00594nam a2200193Ia 4500
005 20250508164948.0
008 008 250505s9999 xx 000 0 hin d
037 _aDissertations
040 _aFEDL
_beng
_cFEDL
041 _ahin
_2eng
084 _a491.4207, CHA/DI
_qFEDL
100 _aCharanpreet Singh
_9779597
245 0 _aPrakram upagam ke dwara punjabi bhasha ke vidhyarthion ke lekhan koshal me sudhar
260 _c2010
300 _a76p.
546 _aM. Ed. Dissertation (Delhi University)
942 _cDIS
_h491.4207, CHA/DI
999 _c1392302
_d1392302